000 00249nam a22001097a 4500
040 _cSY
082 _a174
100 _aឌុក ឆេង
245 _aអំប៊្រីយ៉ូវិទ្យា
260 _aRUA
_bឌុក
_c2011
942 _cKB
999 _c9815
_d9815